000 00285nam a22001337a 4500
008 181015b xxu||||| |||| 00| 0 eng d
020 _a9780815166214
041 _aeng
080 _a616
100 _a9
101 _aPATF
245 _aPathophysiology
_cPrice, S.A
942 _2udc
_cBK
999 _c49736
_d49736